| 000 | 01058nam0a22002771 4500 | ||
|---|---|---|---|
| 001 | rc\281404 | ||
| 005 | 20250621015018.0 | ||
| 010 |
_a5-09-001467-1 _9194000 |
||
| 035 | _a(NLR Aleph) 005508549 | ||
| 090 |
_a5381539 _c5381539 |
||
| 100 | _a20030307d1990 |||y0rusy50 ca | ||
| 101 | 0 | _arus | |
| 102 | _aRU | ||
| 105 | _aa ||||||||| | ||
| 200 | 1 |
_aОхрана природы _eФакультатив. курс _eПособие для учащихся _fА.В. Михеев, К.В. Пашканг, Н.Н. Родзевич, М.П. Соловьева _gПод ред. К.В. Пашканга |
|
| 205 | _a2-е изд., перераб. | ||
| 210 |
_aМ. _cПросвещение _d1990 |
||
| 215 |
_a126, [2] с., [8] л. ил. _cил., карт. _d22 |
||
| 701 | 1 |
_aМихеев _bА. В. _f1907-1999 _gАлексей Васильевич |
|
| 702 | 1 |
_aПашканг _bК.В. _gКонстантин Васильевич _4340 |
|
| 801 | 0 |
_aRU _bNLR _gpsbo |
|
| 801 | 1 |
_aRU _bELAR _2rusmarc |
|
| 852 |
_aNLR _j90-5/4575 |
||
| 942 | _cBOOK | ||
| 980 | _aNB | ||